00428nam a2200145Ia 4500008004100000082001000041082000800051245007700059245001000136260001000146300000900156942000800165999001900173952009000192231017s9999 xx 000 0 und d a625.8 bAND 2aA process for selecting strategies for rehabilitation of rigid pavements 0cNCHRP bNCHRP c30cm cREP c606365d606365 00104070aNITbNITd2023-10-17l0o625.8 ANDpNIT-1119r2023-10-17w2023-10-17yREP